British Sports Stars By Surname - Letters Q, Y & Z (Photo Quiz) - Statistics

General Stats
  • This quiz has been taken 13 times
  • The average score is 5 of 12
Answer Stats
Picture Hint Answer % Correct
Y: Born 1985 Football Ashley Young
62%
Y: Born 1989 Rugby Union Ben Youngs
62%
Q: Born 1962 Football Micky Quinn
62%
Z: Born 1981 Football Bobby Zamora
54%
Q: Born 1949 Rugby Union Derek Quinnell
54%
Y: 1951-2025 Football Willie Young
54%
Y: Born 1992 Cycling (road) Adam Yates
38%
Y: Born 1998 Triathlon Alex Yee
38%
Y: Born 1979 Football Rachel Yankey
31%
Y: Born 1992 Cycling (road) Simon Yates
31%
Q: Born 1970 Cycling (track) Jason Queally
15%
Z: Born 1996 Football Katie Zelem
15%
No matching quizzes found
Score Distribution
Percent of People with Each Score
Percentile by Number Answered
Your Score History
You have not taken this quiz